LIBRARY ONLINE CATALOGUE

Heritage tourism and Development (Record no. 17268)

MARC details
000 -LEADER
fixed length control field 00365nam a22001337a 4500
008 - FIXED-LENGTH DATA ELEMENTS--GENERAL INFORMATION
fixed length control field 181015b xxu||||| |||| 00| 0 eng d
020 ## - INTERNATIONAL STANDARD BOOK NUMBER
International Standard Book Number 8188836389
050 ## - LIBRARY OF CONGRESS CALL NUMBER
Classification number G155
Item number .H47 2004 c.1
245 ## - TITLE STATEMENT
Title Heritage tourism and Development
Statement of responsibility, etc. edited by Romila Chawla
260 ## - PUBLICATION, DISTRIBUTION, ETC. (IMPRINT)
Place of publication, distribution, etc. New Delhi
Name of publisher, distributor, etc. Sonali
Date of publication, distribution, etc. 2004
300 ## - PHYSICAL DESCRIPTION
Extent 308p.
650 ## - SUBJECT ADDED ENTRY--TOPICAL TERM
Topical term or geographic name as entry element Heritage Tourism
942 ## - ADDED ENTRY ELEMENTS (KOHA)
Source of classification or shelving scheme Library of Congress Classification
Koha item type General Collection
Holdings
Withdrawn status Lost status Source of classification or shelving scheme Not for loan Home library Current library Date acquired Cost, normal purchase price Total Checkouts Full call number Barcode Date last seen Price effective from Koha item type
    Library of Congress Classification   Kabarak, Main Campus Kabarak, Main Campus 15/10/2018 2610.00   G155 .H47 2004 c.1 022184 15/10/2018 15/10/2018 General Collection
    Library of Congress Classification   Kabarak, Main Campus Kabarak, Main Campus 15/10/2018 2610.00   G155 .H47 2004 c.2 022183 15/10/2018 15/10/2018 General Collection